000 01150nam a22002417a 4500
005 20120112143825.0
008 120112t xxu||||| |||| 00| 0 mar d
010 _aMAR-21842
020 _a9788174343970
_c225.00
035 _aMR-14500
037 _bDBAD/PUB
040 _aDPL
_bMR
082 _a305.4
100 _aगोर्ले,शिवराज
_939079
245 _aस्त्री विरूद्ध पुरुष /
_bशिवराज गोर्ले तथा जयश्री रावळेकर
246 _aStree Viruddha Purush
_bby Shivraj Gorle and Jayashree Ravalekar
260 _aपुणे
_bराजहंस प्रकाशन
_c2007
270 _a1025,सदाशिव पेठ,
_bपुणे
_e411030
300 _a284पृ.
_c21सेमी(अजिल्द)
700 _aरावळेकर,जयश्री
_939125
942 _2ddc
_cMR
_h305.4
_mगोर्लेशि
999 _c60825
_d60825